Proyecto de diversificaciòn agrícola para el asocio con la producciòn cafetalera en el Municipio de Concepciòn de Ataco Departamento de Ahuachapàn en el periodo de Enero - Agosto 2004 (Registro nro. 10209)

Detalles MARC
000 -LEADER
fixed length control field 00836nam a2200205Ia 4500
005 - FECHA Y HORA DE LA ÚLTIMA TRANSACCIÓN
control field 20231218091004.0
008 - FIXED-LENGTH DATA ELEMENTS--GENERAL INFORMATION
fixed length control field 231216s9999 xx 000 0 und d
040 ## - CATALOGING SOURCE
Original cataloging agency UPAN
Transcribing agency Biblioteca San Vicente
Description conventions RCAA2
041 ## - LANGUAGE CODE
Language code of text/sound track or separate title spa
082 ## - DEWEY DECIMAL CLASSIFICATION NUMBER
Classification number 338.16
Item number Dia
año de publicación 2004
100 ## - MAIN ENTRY--PERSONAL NAME
Personal name Dìaz Velasquez, Marlene Margarita
Relator code aut.
245 #0 - TITLE STATEMENT
Title Proyecto de diversificaciòn agrícola para el asocio con la producciòn cafetalera en el Municipio de Concepciòn de Ataco Departamento de Ahuachapàn en el periodo de Enero - Agosto 2004
260 ## - PUBLICATION, DISTRIBUTION, ETC. (IMPRINT)
Place of publication, distribution, etc Ahuachapán:
Name of publisher, distributor, etc Universidad Panamericana,
Date of publication, distribution, etc 2004
300 ## - PHYSICAL DESCRIPTION
Extent 268 p.;
Dimensions 28 cm.
650 ## - SUBJECT ADDED ENTRY--TOPICAL TERM
Source of heading or term LEMB
Topical term or geographic name as entry element Asociaciones
General subdivision Café
700 ## - ADDED ENTRY--PERSONAL NAME
Personal name Magaña de Arriaza, Yeni Elizabeth
Relator code aut.
700 ## - ADDED ENTRY--PERSONAL NAME
Personal name Pimental de Quijada, Maira Rut
Relator code aut.
700 ## - ADDED ENTRY--PERSONAL NAME
Personal name Segura Amaya, Abigail del Trànsito
Relator code aut.
942 ## - ADDED ENTRY ELEMENTS (KOHA)
Koha item type Libros
Source of classification or shelving scheme Dewey Decimal Classification
Existencias
Withdrawn status Lost status Source of classification or shelving scheme Damaged status Not for loan Collection code Home library Current library Date acquired Total Checkouts Full call number Barcode Date last seen Copy number Price effective from Koha item type
    Dewey Decimal Classification     Tesario Biblioteca UPAN San Vicente Biblioteca UPAN San Vicente 17/12/2023   338.16 Dia 12100047 17/12/2023 01 17/12/2023 Trabajos de Grado